| 000 | 00803nam a2200205 a 4500 | ||
|---|---|---|---|
| 001 | 000041507 | ||
| 005 | 20201002034942.0 | ||
| 008 | 130725s1995 sp 000 0 spa d | ||
| 020 | _a8400074939 | ||
| 040 |
_aDO-SdBNP _bspa _cBNPHU |
||
| 100 | 1 |
_aMontes, Catalina _968212 |
|
| 245 | 1 | 0 |
_aEl inglés antiguo en el marco de las lenguas germánicas occidentales / _cCatalina Montes, Ma Pilar Fernández Alvarez, Gudelia Rodríguez. |
| 260 |
_aMadrid : _bConsejo Superior de Investigaciónes Científicas, _c1995. |
||
| 300 |
_a513 p. ; _c28 cm. |
||
| 490 | 1 |
_aTextos universitarios _v24 |
|
| 700 | 1 |
_aRodríguez, Gudelia _968213 |
|
| 700 | 1 |
_aFernández Alvarez, Ma Pilar _968214 |
|
| 710 | 2 |
_aConsejo Superior de Investigaciones Científicas (España) _915178 |
|
| 830 | 0 |
_aTextos universitarios _v24 _91147 |
|
| 999 |
_c40997 _d40997 |
||